| 000 | 00790nam a22002057a 4500 | ||
|---|---|---|---|
| 003 | 0 | ||
| 005 | 20250109144815.0 | ||
| 008 | 250109b xxu||||| |||| 00| 0 eng d | ||
| 050 |
_aHQ 750 _b.R63 2023 |
||
| 100 | _aRodriguez, Lester S. | ||
| 245 |
_aSexual assertiveness and family sex communication as correlates to romantic relationships satisfaction of men having sex with men _c Lester S. Rodriguez |
||
| 260 |
_aLas Piñas City _bSouthville International School and Colleges _c2023 |
||
| 300 |
_axiv, 222 pages ; _c29cm. |
||
| 504 | _aIncludes bibliographical references and index. | ||
| 650 | _aRomantic relationships—Psychological aspects. | ||
| 650 | _aSexual assertiveness. | ||
| 650 | _aGay men—Psychology. | ||
| 650 | _aInterpersonal communication. | ||
| 942 |
_2lcc _cTH |
||
| 999 |
_c366956 _d366956 |
||